00395 2200157 4500245006300000250001100063100002700074650001600101005001900117260001800136041001400154084001400168300001800182500002800200336000900228 aTeks Laporan Hasil ObservasicAisyah Afica AvrilianahText aCet. 1 aAisyah Afica Avriliana aKarya Siswa a20250925102402 aJakartac2025 aIndonesia a081 AIS t ailus. :c22cm aKarya Siswa Kelas X-DKV atext